| 000 | 00468nam a2200193Ia 4500 | ||
|---|---|---|---|
| 005 | 20241105093453.0 | ||
| 008 | 131103s9999 xx 000 0 und d | ||
| 020 |
_a8175221048 _cRs.25 |
||
| 040 | _aLoreto College | ||
| 041 | _aEnglish | ||
| 082 |
_a891.44 _bTHA |
||
| 100 | _aThakur, R.N | ||
| 245 |
_aSishu vholanath _cR.N. Thakur |
||
| 260 |
_aKolkata _bBiswa-bharoti _c2003 |
||
| 300 | _a90p. | ||
| 650 | _aBengali language | ||
| 850 | _aLCBED | ||
| 942 | _cBK | ||
| 999 |
_c30502 _d80981 |
||